[Event "CHI-ch Absolute 2018"]
[Site "Santiago"]
[Date "2018.02.26"]
[Round "1"]
[White "Henriquez Villagra, Cristobal"]
[Black "Llorens Sepulveda, Marcelo"]
[Result "1-0"]
[WhiteElo "2501"]
[BlackElo "2266"]
[Annotator "TA"]
[PlyCount "55"]
[EventDate "2018.??.??"]
[EventType "tourn"]
[EventCountry "CHI"]
[SourceTitle "playchess.com"]
[Source "ChessBase"]
[SourceQuality "1"]

{[%evp 18,55,38,29,33,19,57,45,50,41,71,52,47,49,98,88,106,78,152,172,220,187,207,193,360,378,384,358,527,322,390,383,427,452,433,445,408,411,1450,1407]} 1. e4 c5 2. Nf3 Nc6 3. Bb5 g6 4. Bxc6 bxc6 5. O-O Bg7 6. Re1 Nh6 7. c3 O-O 8. d4 cxd4 9. cxd4 d6 10. h3 {[%cal Bh2h3,Bh3h4][%mdl 32] LiveBook: 58 Games} Rb8 {B31: Sicilian: 2...Nc6 3 Bb5 g6} (10... f6 11. Nc3 Nf7 12. b3 Qa5 13. Bb2 Ng5 14. Nd2 Nxh3+ 15. gxh3 Qg5+ 16. Kh2 Qf4+ 17. Kg1 Qg5+ 18. Kh2 Qf4+ 19. Kg1 Qg5+ {½-½ (19) Antipov,M (2557)-Moiseenko,A (2648) Bastia 2016}) 11. Nc3 f5 $146 ({Predecessor:} 11... f6 12. b3 Nf7 13. Bb2 e5 {½-½ (13) Kovachev,D (2315)-Daskevics,V (2379) Drammen 2010}) 12. e5 {[%cal Be4e5,Be5e6][%mdl 32]} Nf7 {White is slightly better.} 13. e6 Nh8 14. Qc2 h6 15. h4 Qa5 16. Bf4 Qb4 17. Qd2 Qxb2 {[#]} ({Better is} 17... Kh7) 18. Qe3 $1 $36 {[%mdl 2048] White has strong initiative.} Ba6 {[#]} 19. Bxd6 $1 {[%mdl 512] Strongly threatening Rab1.} Rbe8 (19... exd6 20. e7) 20. Bf4 {Black must now prevent Na4.} Kh7 $2 (20... c5 21. Rab1 cxd4 22. Nxd4 (22. Rxb2 dxe3 23. Rxe3 Rc8 $14) 22... Qa3) 21. Na4 $18 Qb4 22. Nc5 Bc4 (22... Bc8 $142 23. Rec1 Qa5) 23. Nd7 Bd5 24. Nxf8+ Rxf8 25. Rab1 Qa5 26. Rb7 Re8 27. Be5 c5 {[#]} (27... f4 $142 28. Qe2 (28. Qxf4 Bxf3 29. Rc1 Bxe5 $16) 28... Qxa2 29. Qxa2 Bxa2 30. Bxf4 Bd5) 28. Bxg7 $1 {[%mdl 512] Precision: White = 80%, Black = 35%.} 1-0

[Event "CHI-ch Absolute 2018"]
[Site "Santiago"]
[Date "2018.02.26"]
[Round "1"]
[White "Garcia Cardenas, Pablo"]
[Black "Abarca Gonzalez, Nicolas"]
[Result "1-0"]
[WhiteElo "2454"]
[BlackElo "2388"]
[Annotator "TA"]
[PlyCount "90"]
[EventDate "2018.??.??"]
[EventType "tourn"]
[EventCountry "CHI"]
[SourceTitle "playchess.com"]
[Source "ChessBase"]
[SourceQuality "1"]

{[%evp 17,90,0,0,0,0,0,0,-10,0,-9,143,143,151,135,139,139,180,38,212,0,-8,-20,-16,-138,-127,-134,-44,-40,-49,-32,-39,-50,-46,-66,-69,-89,-85,-94,-91,-110,-123,-149,-150,-156,-126,-155,191,189,147,0,146,149,123,-7,128,116,175,153,137,163,151,143,604,716,624,516,972,954,911,866,868,774,1093,-1716,29988]} 1. d4 Nf6 2. Nc3 d5 3. Bg5 Nbd7 4. f3 c6 5. e4 dxe4 6. fxe4 e5 7. dxe5 Nxe5 8. Qxd8+ Kxd8 9. Nf3 Bd6 10. O-O-O {B07: Pirc Defence: Miscellaneous Systems} Kc7 11. Nd4 (11. Be2 Nxf3 12. gxf3 Nh5 13. Rxd6 Kxd6 14. Rd1+ Kc7 15. Be7 b6 16. f4 g6 {½-½ (72) Smerdon,D (2513)-Aronian,L (2805) Tromsoe 2014}) 11... a6 12. Be2 {The position is equal.} Neg4 $146 ({Predecessor:} 12... Nfg4 13. Bxg4 Bxg4 14. Rdf1 Rhe8 15. h3 Bd7 16. g4 b5 17. Nf5 Bf8 {0-1 (35) Reich,T (2419)-Movsesian,S (2657) Germany 2014}) 13. Rdf1 Nxh2 $2 (13... h6 $11 14. Bf4 Bxf4+ 15. Rxf4 Ne5) 14. Bf4 $1 $16 Nxf1 15. e5 Bc5 16. exf6+ Kd8 17. Be5 ({Much less strong is} 17. fxg7 $6 Rg8 $16) ({Only move:} 17. Rxf1 $18 Bxd4 18. Rd1) 17... Ng3 $2 (17... Bxd4 $1 $14 18. Bxd4 Ng3 19. fxg7 Nxe2+ 20. Nxe2 Rg8) 18. Rd1 $2 ({And not} 18. fxg7 Nxe2+ 19. Ndxe2 Rg8 $11) ({White has to play} 18. Bxg3 $18 Bxd4 19. Rd1) 18... Nxe2+ $11 19. Ndxe2+ Ke8 20. Ne4 (20. fxg7 $11 {was the only way to keep the balance.} Rg8 21. Ne4) 20... Be3+ $17 21. Kb1 g6 (21... g5 $1 $17 22. Rd3 Ba7) 22. Nd6+ $15 Kf8 {Strongly threatening ...Bc5.} 23. Nc4 $1 {[%cal Rd1d8]} Bg4 24. Nxe3 Bxe2 25. Rd2 Bh5 $1 26. g4 {[#]} Bxg4 $1 27. Nxg4 {Black must now prevent Nh6.} h5 28. Bd6+ Kg8 29. Ne5 Rd8 30. c4 {[#]} c5 $1 {[%mdl 512]} 31. b4 (31. Bxc5 Rxd2) 31... b6 $2 (31... cxb4 $17 {keeps the pressure on. aiming for ...h4.} 32. c5 a5) 32. Nc6 $18 {[%mdl 1024] White has strong compensation.} Rd7 33. Ne5 Rd8 34. bxc5 bxc5 35. Kc2 (35. Nc6 $1 $16 {[%cal Rc6d8]} Rd7 36. Kc2) 35... h4 (35... Rc8 $11) 36. Nc6 $16 Rd7 (36... Rxd6 $16 {might work better.} 37. Rxd6 Rh5) 37. Ne7+ $1 $18 ({Avoid the trap} 37. Bxc5 $2 Rxd2+ 38. Kxd2 h3 $19) 37... Kh7 38. Rh2 $1 {[%cal Rh2h4]} g5 {[#]} 39. Bf4 $1 {[%cal Rf4g5][%mdl 512]} Rxe7 $2 {[%mdl 8192]} (39... Rd4 $16 40. Bxg5 Rxc4+ 41. Kb3 Rb4+ 42. Kc3 Rf8 43. Bxh4 Kh6 44. Bf2+ Kg5 45. Bxc5 Rg4) (39... gxf4 40. Rxh4#) 40. fxe7 $16 {[%mdl 4096] Endgame KRB-KR} Kg6 41. Bd6 f5 (41... f6 $142 42. Bxc5 Kf7) 42. Kd3 $18 Kf7 43. Bxc5 g4 44. Bd6 Rg8 45. Bg3 $4 {[%mdl 8192]} (45. Rxh4 $18 g3 46. Rh7+ Kf6 {[#]} 47. e8=Q $1 {[%mdl 512]} Rxe8 48. Bxg3) 45... Rf8 $4 {[%mdl 8192] Precision: White = 49%, Black = 32%.} (45... hxg3 $19 46. Rh7+ Kg6) 1-0

[Event "CHI-ch Absolute 2018"]
[Site "Santiago"]
[Date "2018.02.26"]
[Round "1"]
[White "Perez Gormaz, Matias"]
[Black "Vergara Jofre, Felipe"]
[Result "1/2-1/2"]
[WhiteElo "2410"]
[BlackElo "2270"]
[Annotator "TA"]
[PlyCount "80"]
[EventDate "2018.??.??"]
[EventType "tourn"]
[EventCountry "CHI"]
[SourceTitle "playchess.com"]
[Source "ChessBase"]
[SourceQuality "1"]

{[%evp 21,80,1,19,-15,-11,-11,-9,-29,-15,-25,34,22,30,6,9,8,20,0,0,0,54,7,62,56,147,150,156,145,252,204,612,612,1532,1643,1617,1597,1491,1414,1384,262,249,251,204,0,0,0,0,-13,0,0,0,0,0,0,0,0,0,0,0,0,0]} 1. Nf3 Nf6 2. c4 e6 3. g3 b6 4. Bg2 Bb7 5. O-O Be7 6. d4 O-O 7. Nc3 Ne4 8. Bd2 d5 9. cxd5 exd5 10. Rc1 Nd7 {[%cal Bb8d7,Bd7f6,Bf6e4][%mdl 32]} 11. Bf4 c5 {LiveBook: 45 Games} 12. Bh3 $146 {E18: Queen's Indian: Old Main Line (4 g3 Bb7 5 Bg2 Be7 6 0-0 0-0 7 Nc3)} ({Find the theoretical novelty and annotate with similar games:} 12. dxc5 Nxc3 13. Rxc3 bxc5 14. Ne1 Nb6 15. b3 Rc8 16. Rc2 Re8 17. Nd3 Ba6 18. Bh3 Ra8 19. Bg4 c4 {1-0 (59) Bukavshin,I (2655)-Khairullin,I (2662) Chita 2015}) 12... Nxc3 13. Rxc3 Nf6 14. b3 Ne4 15. Rc2 g5 (15... Re8 $11) 16. Bc1 f5 {aiming for ...g4.} 17. Bg2 Bf6 18. Bb2 Rc8 19. Qc1 g4 20. Ne5 Bg5 (20... Qe7 $11) 21. Qa1 Qe8 ({Black should try} 21... Qd6 $11) 22. Bc1 $14 Qh5 {[#]} (22... Qe7 $14) 23. f3 $1 $16 {[%cal Rf3e4]} gxf3 24. exf3 Bxc1 (24... Nf6 $16) 25. Qxc1 {Black must now prevent Nd7.} cxd4 $2 (25... Nf6 26. dxc5 f4) 26. fxe4 $18 fxe4 27. Rxc8 Rxc8 28. Qf4 {White wants to mate with Bh3!} Ba6 29. g4 Qh4 30. Qf5 $2 (30. Qf7+ Kh8 31. Qe6 Bxf1 32. Qxc8+ Kg7 33. Qd7+ Kf6 34. Qd8+ Kxe5 35. Qxh4 Bxg2 36. Kxg2) 30... Qe7 {[#]} 31. Ng6 $1 {[%cal Rg6e7]} hxg6 32. Qxd5+ $2 (32. Qxg6+ $18 Kh8 33. Qh6+ Qh7 34. Rf8+ Rxf8 35. Qxf8+ Qg8 36. Qh6+ Qh7 37. Qf6+ Qg7 38. Qd8+ Kh7 39. Qxd5 Qxg4 40. Qf7+ Kh6 41. Qf6+ Kh7 42. Qe7+ Kg6 43. Qd6+ Kf7 44. Qd5+ Qe6 45. Qh5+ Kg7 46. Qg5+ Qg6 47. Qe7+ Kh6 48. Qh4+ Kg7 49. Qe7+ Kh6 50. Qxa7) 32... Kh8 $11 {The position is equal.} 33. Qxd4+ Qg7 34. Qxg7+ Kxg7 {[%mdl 4096] Endgame KRB-KRB} 35. Re1 Bd3 {...Kf6 is the strong threat.} 36. Kf2 ({Don't go for} 36. Bxe4 $2 Re8 $19) 36... Rc2+ 37. Kg3 Rxa2 38. Bxe4 Bxe4 39. Rxe4 Rb2 40. b4 Kf6 {Precision: White = 57%, Black = 53%.} 1/2-1/2

[Event "CHI-ch Absolute 2018"]
[Site "Santiago"]
[Date "2018.02.26"]
[Round "1"]
[White "Barria Zuniga, Daniel"]
[Black "Aguirre Contreras, Cristian"]
[Result "1/2-1/2"]
[WhiteElo "2395"]
[BlackElo "2272"]
[Annotator "TA"]
[PlyCount "24"]
[EventDate "2018.??.??"]
[EventType "tourn"]
[EventCountry "CHI"]
[SourceTitle "playchess.com"]
[Source "ChessBase"]
[SourceQuality "1"]

{[%evp 10,24,17,0,31,26,36,26,36,14,33,0,21,17,26,15,20]} 1. d4 Nf6 2. c4 e6 3. Nf3 d5 4. Nc3 Bb4 5. Qa4+ Nc6 6. Bg5 O-O {D38: Queen's Gambit Declined: Ragozin Defence (4 Nf3 Bb4)} 7. e3 h6 8. Bxf6 Qxf6 {White has an edge.} 9. Rc1 Bd7 (9... Rd8 10. cxd5 exd5 11. a3 Bf8 12. Be2 Ne7 13. O-O c6 14. b4 Ng6 15. b5 Bd7 16. bxc6 bxc6 17. Qa5 Re8 18. Rfe1 Bd6 {0-1 (45) Le,Q (2737)-Yu,Y (2751) Huaian 2017}) 10. Qc2 Rfe8 $146 ({Predecessor:} 10... e5 11. dxe5 Nxe5 12. Nxe5 Qxe5 13. a3 Bf5 14. Qb3 Ba5 15. cxd5 Be4 16. Qa4 Bxc3+ 17. Rxc3 {½-½ (56) Zoler,D (2497)-Kupreichik,V (2421) Graz 2002}) 11. a3 Bxc3+ 12. Qxc3 Rac8 1/2-1/2

[Event "CHI-ch Absolute 2018"]
[Site "Santiago"]
[Date "2018.02.26"]
[Round "1"]
[White "Lopez Silva, Hugo"]
[Black "Salinas Herrera, Pablo"]
[Result "0-1"]
[WhiteElo "2389"]
[BlackElo "2453"]
[Annotator "TA"]
[PlyCount "80"]
[EventDate "2018.??.??"]
[EventType "tourn"]
[EventCountry "CHI"]
[SourceTitle "playchess.com"]
[Source "ChessBase"]
[SourceQuality "1"]

{[%evp 14,80,-11,-19,-16,-10,14,11,19,13,12,13,15,20,23,0,6,6,5,0,8,-42,0,-64,-89,-74,0,-6,-8,0,0,0,0,-64,-55,-58,-55,-51,-62,-95,-82,-87,-83,-143,-99,-103,-98,-92,-93,-128,-89,-194,-179,-351,-344,-431,-422,-418,-418,-589,-567,-777,-756,-742,-724,-916,-843,-29994,-29995]} 1. Nf3 d5 2. g3 Bg4 3. Bg2 e6 4. O-O Nf6 5. d3 Be7 6. c4 c6 7. Be3 {A11: English Opening: 1...c6} (7. cxd5 Bxf3 8. Bxf3 cxd5 9. b3 Nc6 10. Bb2 O-O 11. e3 Rc8 12. a3 Ne8 13. d4 Nd6 14. Qd3 Na5 {½-½ (56) Nakamura,H (2785)-Adams,M (2751) Sharjah 2017}) 7... dxc4 8. dxc4 {LiveBook: 4 Games} Nbd7 9. Nc3 {The position is equal.} O-O 10. h3 $146 ({Find the theoretical novelty and annotate with similar games:} 10. Qb3 Qc7 11. Na4 e5 12. Qc2 Rfe8 13. h3 Bh5 14. Nh4 Nf8 15. Rad1 Ne6 {1-0 (44) Karlsson,L (2550)-Ornstein,A (2440) Uppsala 1985}) 10... Bh5 11. g4 Bg6 12. Nh4 Qc7 {Threatening ...Nxg4!} 13. Nxg6 hxg6 14. b3 e5 15. Qc2 Nh7 16. Rad1 f5 17. f4 e4 18. Nxe4 ({White should try} 18. Na4 $11) 18... fxe4 $15 19. Bxe4 {[#]} Rf6 ({Black should play} 19... Rfd8 $1 $17) 20. Bxg6 $11 Nhf8 21. Bf5 $1 g6 22. Bxd7 $1 Nxd7 23. Bd4 (23. Kh1 $11) 23... Bc5 $15 24. Kg2 Bxd4 25. Rxd4 Nf8 $36 {[%mdl 2048] Black has the initiative.} 26. e3 Re8 27. Qd3 Qe7 28. e4 (28. Rf3 $142) 28... c5 29. Rd5 Qxe4+ 30. Qxe4 Rxe4 31. f5 gxf5 32. Rxc5 {[#]} (32. Rfxf5 $17 Rxf5 33. Rxf5) 32... f4 $1 $19 {[%cal Bf5f4,Bf4f3][%mdl 32]} 33. g5 $2 (33. Rb5 {might work better.}) 33... Rf7 34. h4 Ne6 35. Rd5 {[#]} f3+ $1 36. Kg3 (36. Rxf3 $142 Nf4+ 37. Rxf4 Rexf4 38. Kg3) 36... Nd4 37. g6 Rff4 38. Rd8+ Kg7 39. Rd7+ Kh6 {( -> ...Nf5+)} 40. g7 Nf5+ {Precision: White = 33%, Black = 76%.} 0-1

[Event "CHI-ch Absolute 2018"]
[Site "Santiago"]
[Date "2018.02.26"]
[Round "1"]
[White "Diaz Villagran, Robert"]
[Black "Fuentes Parra, Victor Ignacio"]
[Result "1-0"]
[WhiteElo "2317"]
[BlackElo "2148"]
[Annotator "TA"]
[PlyCount "95"]
[EventDate "2018.??.??"]
[EventType "tourn"]
[EventCountry "CHI"]
[SourceTitle "playchess.com"]
[Source "ChessBase"]
[SourceQuality "1"]

{[%evp 20,95,20,-4,13,8,21,21,51,8,12,9,5,8,3,8,68,0,15,21,55,43,89,79,79,69,68,75,131,116,120,113,117,78,79,-38,-27,-44,-50,-31,47,45,149,138,160,166,187,182,178,84,421,171,264,255,489,468,484,-1192,133,-870,206,-1300,456,-590,412,-2688,442,-1491,725,662,29986,701,29986,-9,29968,528,29987,-619]} 1. e4 e6 2. d3 d5 3. Nd2 c5 4. Ngf3 Nc6 5. g3 g6 6. Bg2 Bg7 7. O-O Nge7 8. Re1 h6 9. c3 b6 10. h4 a5 11. a4 Ra7 {A08: King's Indian Attack} 12. exd5 exd5 13. Nb3 d4 {The position is equal.} 14. cxd4 (14. Nfxd4 $5 Nxd4 15. cxd4 cxd4 16. Nd2 $14) 14... cxd4 15. Bf4 O-O 16. Ne5 Nxe5 17. Bxe5 {[#]} Be6 $146 ({Better is} 17... Nf5 $11) ({Predecessor:} 17... Bb7 18. Bxb7 Rxb7 {½-½ (37) Damljanovic,B (2595)-Lautier,J (2580) Pamplona 1992}) 18. Nd2 (18. Nxd4 $1 $14 Bd5 19. Bxd5 Qxd5 20. Nb5) 18... Bxe5 19. Rxe5 Qd6 20. Rb5 f5 21. Qe2 Bf7 22. Rd1 Nc8 23. Nc4 {[%cal Bd2c4,Bc4e5,Be5c6][%mdl 32]} Qd8 ({Black should try} 23... Qf6) 24. Qd2 Kg7 25. Qf4 $36 {[%mdl 2048] White is on the roll.} Re7 26. Ne5 {Nc6 is the strong threat.} Qd6 27. Rc1 (27. Nxf7 $16 Qxf4 28. gxf4 Rfxf7 29. b4) 27... Na7 $15 28. Nc6 Qxf4 ({Of course not} 28... Nxb5 29. Nxe7 Qxf4 30. gxf4 $11) 29. gxf4 Rc7 (29... Nxc6 $15 30. Bxc6 Rc8 31. Rxb6 Re6) 30. Rxb6 $14 Rfc8 {[#]} (30... Be8 $14) 31. Kh2 $1 $16 Be8 {[%cal Ra7c6]} 32. Nxa7 Rxc1 33. Nxc8 Rxc8 {[%mdl 4096] Endgame KRB-KRB} 34. Rb7+ (34. b4 $18 {is more deadly.} axb4 35. a5 (35. Rxb4 Rc5 $14)) 34... Kf6 $2 {[%mdl 8192]} (34... Kf8 $16 {is tougher.}) 35. Bd5 (35. b4 $142) 35... Rc2 (35... Rc1 {was called for.} 36. Ra7 Rc2) 36. Kg3 $18 g5 $2 (36... Rc1 37. Ra7 Rd1) 37. Rb6+ Kg7 38. Rg6+ $4 {[%mdl 8192]} (38. fxg5 $18 hxg5 39. hxg5) 38... Kh7 $2 ({Black should play} 38... Kxg6 $19 39. h5+ Kxh5) 39. fxg5 $2 {[%mdl 8192]} (39. Ra6 $16 gxh4+ 40. Kxh4) 39... hxg5 $4 {[%mdl 8192]} (39... Kxg6 $19 40. f3 hxg5 41. hxg5 Bxa4) 40. hxg5 $4 {[%mdl 8192]} (40. Rxg5 $18 Rxb2 41. Rxf5) 40... Bxa4 $4 {[%mdl 8192]} (40... Kxg6 $19 {and all is fine.} 41. f3 Kxg5 42. f4+ Kf6) 41. b3 $4 {[%mdl 8192]} (41. Rb6 $18 {avoids the disaster.}) 41... Be8 $4 {[%mdl 8192]} (41... Kxg6 $19 42. bxa4 Kxg5) 42. f3 $4 {[%mdl 8192]} (42. Ra6 $18) 42... Rc7 $4 {[%mdl 8192]} (42... Kxg6 $19 {and life is good for Black.} 43. Be6 Kxg5 44. f4+ Kf6) 43. Kf4 $4 {[%mdl 8192]} (43. Rb6 $18) 43... Rc5 $4 {[%mdl 8192]} (43... Kxg6 $19 44. Bc4 Bf7) 44. Rd6 Bf7 45. Bc4 (45. Bxf7 $142 Kh8 46. Rxd4 Rc7 47. Bc4 a4 48. bxa4 Kg7 49. Kxf5 Rc5+ 50. Rd5) 45... Rc8 46. Rd5 $2 (46. Bxf7 {mates} Kg7 47. Be6 Rc5 48. Rxd4 Rc7 49. Rd7+ Rxd7 50. Bxd7 Kf8 51. Bxf5) 46... Ra8 $2 {[%mdl 8192] [#]} (46... Bxd5 $11 47. Bxd5 Kg6) 47. Rxf5 (47. Rd7 $142 Kg7 48. Kxf5 Rf8 49. g6 a4 50. Bxf7 Kh6 51. Kf6 Kh5 52. g7+ Kh4 53. gxf8=Q) 47... a4 48. Ra5 $4 {[%mdl 40960] Precision: White = 20%, Black = 14%. . Loss on Time!?} (48. Rxf7+ {was the only winning move.} Kg6 49. Rf6+ Kh7 50. bxa4 Ra5 51. Rh6+ Kg7 52. Ra6 Rc5 53. a5) 1-0

[Event "CHI-ch Absolute 2018"]
[Site "Santiago"]
[Date "2018.02.26"]
[Round "2"]
[White "Henriquez Villagra, Cristobal"]
[Black "Lopez Silva, Hugo"]
[Result "1-0"]
[WhiteElo "2501"]
[BlackElo "2389"]
[Annotator "TA"]
[PlyCount "80"]
[EventDate "2018.??.??"]
[EventType "tourn"]
[EventCountry "CHI"]
[SourceTitle "playchess.com"]
[Source "ChessBase"]
[SourceQuality "1"]

{[%evp 13,80,30,31,39,28,17,46,39,44,-12,-3,-16,0,0,0,0,24,-8,25,-22,0,-16,-16,-16,-7,-26,-22,-27,0,-20,-5,0,35,32,50,43,48,-24,81,-22,-6,0,0,-10,-6,-35,-3,-59,-64,-68,-40,-46,-26,-43,-39,-116,-130,-214,-221,-268,-233,-242,-185,-388,-412,-733,-726,-716,-716]} 1. e4 e5 2. Nf3 Nc6 3. Bb5 g6 4. c3 a6 5. Ba4 d6 6. d4 Bd7 7. Bg5 Be7 8. Be3 {C76: Ruy Lopez: Deferred Steinitz: 5 c3 Bd7 6 d4 g6} Nf6 9. d5 Nb8 10. Bc2 {White is slightly better.} c6 $146 ({Predecessor:} 10... O-O 11. c4 a5 12. Nc3 Na6 13. h3 Qb8 14. Qd2 c6 15. O-O cxd5 16. cxd5 {1-0 (33) Andreikin,D (2733)-Demchenko,A (2600) Abu Dhabi 2016}) 11. h3 ({Better is} 11. c4 $14) 11... cxd5 $11 12. exd5 Qa5 13. Bb3 Bf5 14. O-O O-O 15. Na3 b5 16. Nc2 Bxc2 17. Qxc2 Nbd7 18. a3 Rfe8 19. g4 Qc7 20. Ng5 Bf8 21. Rad1 Bg7 22. f3 Rac8 23. Ne4 Nb6 24. Kg2 Nfd7 25. g5 (25. h4 $14) 25... Nc4 {[#]} (25... f5 $11 {remains equal.} 26. gxf6 Nxf6) 26. Bc1 (26. Bxc4 $1 $16 bxc4 27. Qa4) 26... f5 27. gxf6 $1 Nxf6 28. Nxf6+ Bxf6 29. Kh2 Qe7 30. Rg1 ({White should try} 30. Qg2 $11) 30... e4 $36 {[%mdl 2048] Black has some pressure.} 31. f4 Qd7 32. Qe2 Qf5 33. Rg3 Rc5 34. Bc2 (34. Rg4 $15) 34... Rxd5 $17 35. Re1 (35. Qg4 $17) 35... Bh4 $19 36. b3 Bxg3+ 37. Kxg3 Na5 {White must now prevent ...Qf6.} 38. c4 $2 {[#]} (38. Qg2) 38... bxc4 39. b4 (39. bxc4 $142 Rd4 40. Bd2) 39... Nb3 40. Qxc4 Nd4 {[%mdl 32768] Precision: White = 27%, Black = 42%. . Loss on Time!?} (40... Nxc1 $2 41. Rxe4 Rf8 42. Re5 $19) 1-0

[Event "CHI-ch Absolute 2018"]
[Site "Santiago"]
[Date "2018.02.26"]
[Round "2"]
[White "Salinas Herrera, Pablo"]
[Black "Perez Gormaz, Matias"]
[Result "1-0"]
[WhiteElo "2453"]
[BlackElo "2410"]
[Annotator "TA"]
[PlyCount "69"]
[EventDate "2018.??.??"]
[EventType "tourn"]
[EventCountry "CHI"]
[SourceTitle "playchess.com"]
[Source "ChessBase"]
[SourceQuality "1"]

{[%evp 14,69,22,15,21,26,21,0,0,0,0,0,17,26,23,25,55,39,94,58,71,67,83,84,191,191,183,179,226,222,224,192,229,229,243,238,257,258,252,257,266,249,251,243,251,250,250,246,270,225,246,236,440,437,464,455,464,453]} 1. d4 d5 2. c4 e6 3. Nc3 Bb4 4. cxd5 exd5 5. Bf4 c6 6. e3 {D31: Damengambit (Halbslawisch)} Ne7 7. Bd3 Bf5 8. Nge2 {LiveBook: 8 Partien. Die Stellung ist ausgeglichen.} Nd7 9. a3 $146 ({Vorgänger:} 9. O-O Bxd3 10. Qxd3 Ng6 11. Bg3 h5 12. h3 Nf6 13. e4 dxe4 14. Nxe4 {0-1 (28) Docx,S (2405)-Sethuraman,S (2637) Caleta 2017}) 9... Bxc3+ 10. bxc3 Bxd3 11. Qxd3 Ng6 12. O-O {[%cal Bh1f1,Bf1b1,Bb1b5][%mdl 32]} O-O 13. c4 $36 {[%mdl 2048] Weiss steht aktiver.} Nb6 14. cxd5 cxd5 15. Rfb1 Qe7 (15... Re8 $14) 16. Bg3 Rfd8 17. Nc3 Rd7 18. a4 {[%cal Ba3a4,Ba4a5][%mdl 32]} Nf8 (18... Qd8 $16) 19. a5 $18 Nc8 20. Rb5 Qd8 21. Qb1 b6 22. Qa2 bxa5 23. Rxd5 Rxd5 24. Qxd5 Qxd5 25. Nxd5 Nb6 26. Ne7+ ({Viel schwächer ist} 26. Rxa5 $6 Nxd5 27. Rxd5 a5 $16) 26... Kh8 27. Rxa5 Nfd7 28. h3 a6 29. Nd5 Nxd5 30. Rxd5 {KTL-KTS} Nb6 31. Ra5 f6 32. Bc7 Nc4 $2 (32... Nd7 {kämpft weiter.} 33. f3 Kg8) 33. Rc5 {Weiß steht klar auf Gewinn.} Na3 34. d5 {[%cal Bd4d5,Bd5d6][%mdl 32] [#] Droht stark d6.} Nb5 35. d6 {Precision: Weiß = 86%, Schwarz = 31%.} 1-0

[Event "CHI-ch Absolute 2018"]
[Site "Santiago"]
[Date "2018.02.26"]
[Round "2"]
[White "Aguirre Conreras, Cristian"]
[Black "Diaz Villagran, Robert"]
[Result "1-0"]
[WhiteElo "2272"]
[BlackElo "2317"]
[Annotator "TA"]
[PlyCount "93"]
[EventDate "2018.??.??"]
[EventType "tourn"]
[EventCountry "CHI"]
[SourceTitle "playchess.com"]
[Source "ChessBase"]
[SourceQuality "1"]

{[%evp 15,93,15,18,4,50,46,44,50,47,17,31,7,31,31,31,0,46,31,31,31,33,34,33,-14,44,-11,0,-10,-14,-27,0,-152,-23,-52,-19,-15,-22,-24,-10,-25,0,0,0,-163,0,0,131,34,385,273,271,267,264,258,263,251,252,251,257,253,273,156,84,51,154,147,148,112,114,135,683,674,700,672,698,689,693,659,637,614]} 1. e4 e6 2. d4 d5 3. Nd2 Nc6 4. Ngf3 Nf6 5. e5 Nd7 6. Nb3 a5 7. a4 b6 8. Bg5 {C04: Französische Verteidigung (Tarrasch-Variante)} (8. Bb5 Ncb8 9. O-O Be7 10. c3 c5 11. Re1 O-O 12. Bf4 Ba6 13. Qd2 Qc7 14. Bg5 Qd8 15. h4 cxd4 16. Nbxd4 {½-½ (111) Giri,A (2720)-Nakamura,H (2760) Beijing 2012}) 8... Be7 {LiveBook: 6 Partien} 9. h4 Ba6 10. Bxa6 {Weiß steht etwas besser.} Rxa6 11. c3 Ra7 $146 ({Vorgänger:} 11... Ra8 12. Rh3 O-O 13. Qe2 Qe8 14. Kf1 f6 15. exf6 Bxf6 16. Re1 {1-0 (48) Eismont,O (2440)-Balenovic,Z (2295) Budapest 1994}) 12. Qd3 Ncb8 13. Rh3 h6 14. Bxe7 Qxe7 15. Rg3 Kf8 16. Qe3 c5 17. h5 Nc6 18. Rd1 Rb7 19. Qf4 Rg8 (19... Kg8 $11) 20. Rd2 (20. c4 $14) 20... c4 $11 21. Nc1 b5 22. axb5 Rxb5 23. Rh3 $2 {[#]} (23. Rc2 $11) 23... a4 (23... Nb6 $1 $17 {Droht stark ...Sa4.} 24. g4 Na4) 24. g4 a3 25. bxa3 Qxa3 26. Rc2 Ke8 27. g5 hxg5 28. Nxg5 Qe7 29. Rf3 $2 (29. Ra2 $11) 29... Rf8 $2 ({Günstiger ist} 29... f6 $19 30. exf6 gxf6 31. Nxe6 Nd8) 30. Ra2 Na5 (30... f6 $11 31. exf6 Rxf6) 31. Kd1 (31. Qg3 $16) 31... Nb8 $2 {[%mdl 8192] [#]} (31... f6 $14 32. exf6 Rxf6) 32. h6 $1 {[%mdl 512]} gxh6 33. Nh7 Nd7 34. Nxf8 Qxf8 35. Rg3 Qh8 36. Rh3 Qg7 {Schwarz hofft, mit ...Dg1+ fortzusetzen.} 37. Rxh6 Kd8 38. Qh4+ (38. Rh5 $18) 38... Kc7 $16 {Droht ...Dg1+.} 39. Rh8 {Und Dd8+ würde nun gewinnen.} Qg1+ (39... Nc6 $1 $14) 40. Kd2 Nc6 41. Qg3 Qf1 {[#] Und weiter mit ...Tb1 wäre nett.} 42. Qf3 $1 {Schwarz muss nun Th1 beachten.} Rb1 $2 {[%mdl 8192]} (42... Qg1 $16) 43. Rh1 $18 {Weiß steht klar auf Gewinn.} Ndxe5 44. dxe5 ({Weniger gut wäre} 44. Rxf1 Nxf3+ 45. Ke3 Ng5 $14) 44... Nxe5 {[#]} 45. Qxf7+ $1 {[%mdl 512]} Nxf7 46. Rxf1 Nd6 47. f3 {Precision: Weiß = 40%, Schwarz = 23%.} 1-0